000 00357nam a22001337a 4500
020 _qHB.
040 _cFizza Ishaq
082 _a658.4
_bPAU
100 _aJedamus, Paul.
_9110239
245 _aBusiness Decision Theory /
_cPaul Jedamus.
260 _aNew York;
_bMcGraw-Hill Education,
_c1969.
300 _a290 P. ;
_c6 x 9.3 x .8 inches
942 _2ddc
_cBK
999 _c616330
_d616330